| 000 | 00838cab a2200277 4500 | ||
|---|---|---|---|
| 001 | ABS59508 | ||
| 008 | 090401t1998 xxu||||| |||| 00| 0 eng d | ||
| 035 | _a(Sirsi) u89168 | ||
| 041 | _aeng | ||
| 100 | _aThomas, M. | ||
| 245 | _aProperty systems for leisure operators | ||
| 260 | _c1998 | ||
| 350 | _a0 | ||
| 490 |
_aProperty Systems Review _v(7) Autumn 1998, 14-15(2) |
||
| 520 | _aAssesses the requirements of large leisure operators for appropriate computer management systems for their estates. Looks at the use of GIS. | ||
| 650 | _aCOMPUTER SYSTEMS | ||
| 650 | _aESTATES MANAGEMENT | ||
| 650 | _aGIS | ||
| 650 | _aLEISURE MARKET | ||
| 650 | _aLEISURE OPERATORS | ||
| 650 |
_aProperty management _96262 |
||
| 650 | _aPROPERTY SOFTWARE | ||
| 690 | _aLEISURE AND RECREATION | ||
| 942 | _n0 | ||
| 948 | _c21/10/1998 | ||
| 999 |
_c56389 _d56389 |
||